Excreta disposal for rural areas and small communities / (Record no. 8833)
[ view plain ]
| 000 -LEADER | |
|---|---|
| fixed length control field | 00566cam a2200217ua 4500 |
| 041 ## - LANGUAGE CODE | |
| Language code of text/sound track or separate title | eng |
| 082 ## - DEWEY DECIMAL CLASSIFICATION NUMBER | |
| Classification number | 363.728 |
| Item number | WAG/EX |
| 100 ## - MAIN ENTRY--AUTHOR NAME | |
| Personal name | Wagner, Edmund G. |
| 245 ## - TITLE STATEMENT | |
| Title | Excreta disposal for rural areas and small communities / |
| 250 ## - EDITION STATEMENT | |
| Edition statement | 1958 / |
| 260 ## - PUBLICATION, DISTRIBUTION, ETC. (IMPRINT) | |
| Place of publication | Geneva : |
| Name of publisher | World Health Organisation , |
| Year of publication | 1960. |
| 300 ## - PHYSICAL DESCRIPTION | |
| Number of Pages | 187 ; . |
| 700 1# - ADDED ENTRY--PERSONAL NAME | |
| Personal name | Lanoix, J N. |
| 942 ## - ADDED ENTRY ELEMENTS (KOHA) | |
| Koha item type | Books |
| Withdrawn status | Lost status | Damaged status | Home library | Current library | Date acquired | Cost, normal purchase price | Full call number | Accession Number | Koha item type | Public note |
|---|---|---|---|---|---|---|---|---|---|---|
| Withdrawn | KAUAET | Malayalam University | 07/04/2012 | 15.00 | 363.728 | 7851 | Books | Transferred to Malayalam University | ||
| Withdrawn | KAUAET | Sanskrit University | 07/04/2012 | 15.00 | 363.728 | 7853 | Books | Transferred to Sanskrit University | ||
| Withdrawn | KAUAET | Sanskrit University | 07/04/2012 | 363.728 | 8192 | Books | Transferred to Sanskrit University | |||
| Withdrawn | KAUAET | Sanskrit University | 07/04/2012 | 363.728 | 8196 | Books | Transferred to Sanskrit University | |||
| Withdrawn | KAUAET | Sanskrit University | 07/04/2012 | 363.728 | 8191 | Books | Transferred to Sanskrit University | |||
| Withdrawn | KAUAET | Sanskrit University | 16/11/2022 | 363.728 WAG/EX | 8195 | Books | Transferred to Sanskrit University | |||
| Withdrawn | KAUAET | Sanskrit University | 16/11/2022 | 363.728 WAG/EX | 8194 | Books | Transferred to Sanskrit University | |||
| Withdrawn | KAUAET | Sanskrit University | 16/11/2022 | 363.728 WAG/EX | 8193 | Books | Transferred to Sanskrit University |
